000 00253nam a22001097a 4500
008 170126b xxu||||| |||| 00| 0 eng d
020 _a9780195043198
041 _aeng
080 _a61
245 _aFOR THE PATIENT'S GOOD
_cPELLEGRINO, E
942 _2udc
_cBK
999 _c3734
_d3734